Multiple Choice City Quiz – Minneapolis - Statistics

General Stats
  • This quiz has been taken 90 times
  • The average score is 6 of 10
Answer Stats
Question Answer % Correct
Minneapolis is twin cities with what other city? St. Paul
99%
What of these rivers is closest to Minneapolis? The Mississippi River
82%
Which musician was born in Minneapolis? Prince Rogers Nelson
81%
What 1878 event killed 18 people in Minneapolis? The Great Mill Disaster
72%
What brand was founded in Minneapolis? Pillsbury
65%
What waterfall is located in Minneapolis? Saint Anthony Falls
51%
Which image shows the tallest building in Minneapolis, the IDS Center?
41%
The Minneapolis-Saint Paul International Airport is also known as? Wold-Chamberlain Field
29%
What candy bar originated in Minneapolis? Milky Way
27%
From the 1920s to the late 1940s, Minneapolis was also known as... The Antisemitic Capital of the US
14%
No matching quizzes found
Score Distribution
Percent of People with Each Score
Percentile by Number Answered
Your Score History
You have not taken this quiz